Inobasyon sa pagtuturo at pagkatuto ng filipino sa mga mataas na paaralan: (Record no. 82001)
[ view plain ]
| 000 -LEADER | |
|---|---|
| fixed length control field | 02682nam a22002297a 4500 |
| 003 - CONTROL NUMBER IDENTIFIER | |
| control field | URS |
| 005 - DATE AND TIME OF LATEST TRANSACTION | |
| control field | 20250205203131.0 |
| 008 - FIXED-LENGTH DATA ELEMENTS--GENERAL INFORMATION | |
| fixed length control field | 250205b |||||||| |||| 00| 0 eng d |
| 050 00 - LIBRARY OF CONGRESS CALL NUMBER | |
| Classification number | LG 221.R59 |
| Item number | .C339 2024 |
| 100 1# - MAIN ENTRY--PERSONAL NAME | |
| Personal name | Cezar, Shiena-lyn M. |
| Relator term | Researcher |
| 245 10 - TITLE STATEMENT | |
| Title | <a href="Inobasyon sa pagtuturo at pagkatuto ng filipino sa mga mataas na paaralan:">Inobasyon sa pagtuturo at pagkatuto ng filipino sa mga mataas na paaralan:</a> |
| Remainder of title | Batayan sa pagbuo ng gabay sa pagtuturo/ |
| Statement of responsibility, etc | Shiena-lyn M. Cezar |
| 260 ## - PUBLICATION, DISTRIBUTION, ETC. (IMPRINT) | |
| Date of publication, distribution, etc | 2024 |
| 300 ## - PHYSICAL DESCRIPTION | |
| Extent | xiii, 55 leaves; |
| Other physical details | illustrations, |
| Dimensions | 28cm. |
| 336 ## - CONTENT TYPE | |
| Source | rdacontent |
| Content type term | text |
| 337 ## - MEDIA TYPE | |
| Source | rdamedia |
| Media type term | unmediated |
| 338 ## - CARRIER TYPE | |
| Source | rdacarrier |
| Carrier type term | volume |
| 502 ## - DISSERTATION NOTE | |
| Dissertation note | GS THESIS |
| Degree type | Master sa Sining ng Pagtuturo Medyor sa Filipino |
| Name of granting institution | University of Rizal System Rodriguez, Rizal |
| Year degree granted | year of 2024 |
| 520 ## - SUMMARY, ETC. | |
| Summary, etc | Ang pagtatago sa sistema ng edukasyon na dulot ng makabagong normat ang nagsilang sa iba't ibang inobassyon sa pagtuturo at pagkatuto ng mga mag-aaral at guro sa distance leaming. Kaya naman, layunin ng pagsusuring ito na tuklasin ang mga inobasyon sa pagtuturo at pagkatuto ng asignaturang Filipino sa mga mataas na paaralan sa ikalawang Distrito ng Lungsod ng Quezon upang maging batayan sa pagbuo ng gabay sa pagtuturo sa distance learning. Ang pag-aaral ay isinagawa ng taong panuruan 2023-2024 at nakatuon sa pangangailangan ng mga mag-aaral at guro sa Filipino sa online at modular na pag-aaral<br/><br/>Ang metodolohiyang ginamit sa pananaliksik ay Kwantitatibo-Deskriptibo.<br/><br/>na ginamitan ng survey questionnaire na isinagawa sa pamamagitan ng Simple Random Sampling technique gamit ang lottery teachnique upang kumuha ng 70 guro at 200 na mag-aaral mula sa tatlong paaralan. Bukod dito, isinagawa nn ang purposive sampling para sa 15 guro at 15 mag-aaral na naging bahagi ng interbyu upang masusing makuha ang kanilang mga pananaw at karanasan sa resulta ng mga inobasyong ginamit.<br/><br/>Natukoy sa pag-aaral na mataas ang antas ng adapsyon ng teknolohiya sa pagtuturo ng asignaturang Filipino, kung saan karaniwang ginagamit ng mga guro ang computer, tablet, at smartphone. Mayroon ding malakas na kagustuhan ang mga guro na gamitin ang interactive video lessons para sa mas engaging na pagtuturo. Gayunpaman, natuklasan ding may mga hamon tulad ng limitadong<br/>You sent<br/>access sa teknolohiya at internet, pangangailangan ng karagdagang pagsasanay, at epekto sa motibasyon at social interaction ng mga mag-aaral. Samantalang ang mga mungkahi ng guro at mag-aaral ay sumentro sa<br/><br/>pagkakaroon ng karagdagang pagsasanay sa pagsasagawa ng distance learning at suporta naman para sa mga mag-aaral. |
| 650 ## - SUBJECT ADDED ENTRY--TOPICAL TERM | |
| Source of heading or term | Pagbabago ng sistema ng edukasyon - Makabagong normal - pagtuturo |
| 700 ## - ADDED ENTRY--PERSONAL NAME | |
| Personal name | Villegas, Roger C., Ph.D |
| Relator term | Adviser |
| 942 ## - ADDED ENTRY ELEMENTS (KOHA) | |
| Source of classification or shelving scheme | Library of Congress Classification |
| Koha item type | Theses and dissertations |
| Withdrawn status | Source of classification or shelving scheme | Damaged status | Not for loan | Home library | Current library | Shelving location | Date acquired | Total Checkouts | Full call number | Barcode | Date last seen | Copy number | Price effective from | Koha item type |
|---|---|---|---|---|---|---|---|---|---|---|---|---|---|---|
| Library of Congress Classification | Not For Loan | Rodriguez College Library | Rodriguez College Library | Graduate School Theses & Dissertations | 02/05/2025 | LG 221.R59 .C339 2024 | URSROD-GST-0351 | 02/05/2025 | 2 | 02/05/2025 | Theses and dissertations | |||
| Library of Congress Classification | Not For Loan | Rodriguez College Library | Rodriguez College Library | Graduate School Theses & Dissertations | 02/05/2025 | LG 221.R59 .C339 2024 | URSROD-GST-0350 | 02/05/2025 | 1 | 02/05/2025 | Theses and dissertations |